Advances in Cryptology - CRYPTO 2014 : 34rd Annual International Cryptology Conference: Santa Barbara, California, USA, August 17-21, 2014. Proceedings, Part II

Enregistré dans:
Détails bibliographiques
Autres auteurs: Garay, Juan A. (Éditeur intellectuel), Gennaro, Rosario (Éditeur intellectuel)
Format: Livre
Langue:anglais
Publié: Berlin : Springer Verlag, 2014
Tags: Ajouter un tag
Pas de tags, Soyez le premier à ajouter un tag!

MARC

LEADER 00000nam a22000003a 4500
001 stu301736
005 20160504105550.8
008 150204s--------gw------------------eng-d
020 |a 978-3-662-44380-4 
040 |a STU  |b slo 
041 0 |a eng 
044 |a gw 
080 |a 004.056.53 
080 |a 519.72 
100 1 |a Garay, Juan A.  |4 edt 
245 1 |a Advances in Cryptology - CRYPTO 2014 :  |b 34rd Annual International Cryptology Conference: Santa Barbara, California, USA, August 17-21, 2014. Proceedings, Part II 
260 |a Berlin :  |b Springer Verlag,  |c 2014 
300 |a 532 s. 
700 1 |a Gennaro, Rosario  |4 edt 
996 |b 284EK89455  |c E*89455  |l EE35  |s P  |a 0  |w stu301736_0001